000 00650pam a2200181 i 4500
999 _c5849
_d5849
020 _a0060429755
050 0 0 _aH61
_b.H87
100 1 _aHuck, Schuyler W.
245 1 0 _aRival hypotheses :
_balternative interpretations of data based conclusions /
_cSchuyler W. Huck, Howard M. Sandler.
260 _aNew York :
_bHarper & Row,
_cc1979.
300 _axxi, 245 p. ;
_c24 cm.
500 _aIncludes index.
505 _aAdvertising Alcohol and drug abuse
650 0 _aSocial sciences
_xStatistical methods
_xProblems, exercises, etc.
650 0 _aSocial sciences
_xMethodology
_xProblems, exercises, etc.
700 1 _aSandler, Howard M.,
942 _cBK